Dictionnaire juridique: droit, finances, commerce, douanes, assurances, administration ; precede d'un avant-propos de l'auteur /

Bibliographic Details
Main Author: Quemner, Thomas Adolphe, 1893-
Format: Book
Language:French
English
Published: Paris : Editions de Navarre, [1953-]
Subjects:

MARC

Tag First Indicator Second Indicator Subfields
LEADER 00000cam a2200000 4500
001 in00000047198
005 20151007065457.0
008 750822m19539999fr d 00000 fre
010 |a  54017723  
035 |a (OCoLC)01563722 
035 |9 AAE2069AM 
040 |a DLC  |c FUB  |d TXA  |d UtOrBLW 
041 0 |a fre  |a eng 
049 |a TXAM 
090 |a K52.F7  |b Q46 1953 
100 1 |a Quemner, Thomas Adolphe,  |d 1893- 
245 1 0 |a Dictionnaire juridique: droit, finances, commerce, douanes, assurances, administration ;  |b precede d'un avant-propos de l'auteur /  |c Preface par Gilbert Gidel. 
264 1 |a Paris :  |b Editions de Navarre,  |c [1953-] 
300 |a volumes ;  |c 24 cm. 
336 |a text  |b txt  |2 rdacontent 
337 |a unmediated  |b n  |2 rdamedia 
338 |a volume  |b nc  |2 rdacarrier 
505 0 |a 1. Francais-anglais.--2. Anglais-francais. 
650 0 |a Law  |v Dictionaries  |x French. 
650 0 |a French language  |v Dictionaries  |x English. 
999 |a MARS 
999 f f |s 0d8e38bf-2273-310e-9ed7-d4cbcf67f33c  |i ec842a4f-6447-39ec-9678-ed0f4507ab94  |t 0 
952 f f |p ric  |a Texas A&M University  |b Rellis Campus  |c Joint Library Facility  |d Remote Storage  |t 0  |e K52.F7 Q46 1953  |h Library of Congress classification  |i unmediated -- volume  |m A14803148163 
998 f f |a K52.F7 Q46 1953  |t 0  |l Remote Storage